[Event "Morava-ch U16"]
[Site "Loucna nad Desnou"]
[Date "2017.10.29"]
[Round "9"]
[White "Gemsova, Tereza"]
[Black "Jiricek, Vojtech"]
[Result "1/2-1/2"]
[WhiteElo "1414"]
[BlackElo "1584"]
[PlyCount "49"]
[EventDate "2017.10.24"]
[EventType "swiss"]
[EventRounds "9"]
[EventCountry "CZE"]
[SourceTitle "EXT 2020"]
[Source "ChessBase"]
[SourceDate "2019.10.17"]
[SourceVersion "1"]
[SourceVersionDate "2019.10.17"]
[SourceQuality "1"]

1. e4 e5 2. Nf3 Nc6 3. Bc4 Bc5 4. c3 Nf6 5. d3 h6 6. b4 Bb6 7. a4 a6 8. Be3 Bxe3 9. fxe3 0-0 10. 0-0 d5 11. exd5 Nxd5 12. Re1 Bg4 13. Nbd2 Nb6 14. e4 Nxc4 15. Nxc4 b5 16. Nb2 Qd6 17. Qe2 Ne7 18. Qf2 Bxf3 19. gxf3 Ng6 20. Rad1 Nf4 21. Kh1 f5 22. Qc5 Qxc5 23. bxc5 c6 24. Rd2 Rad8 25. Red1 1/2-1/2

[Event "Morava-ch U16"]
[Site "Loucna nad Desnou"]
[Date "2017.10.27"]
[Round "7"]
[White "Stefanik, Marek"]
[Black "Jiricek, Vojtech"]
[Result "1/2-1/2"]
[WhiteElo "1771"]
[BlackElo "1584"]
[PlyCount "32"]
[EventDate "2017.10.24"]
[EventType "swiss"]
[EventRounds "9"]
[EventCountry "CZE"]
[SourceTitle "EXT 2020"]
[Source "ChessBase"]
[SourceDate "2019.10.17"]
[SourceVersion "1"]
[SourceVersionDate "2019.10.17"]
[SourceQuality "1"]

1. e4 e5 2. Nf3 Nc6 3. Bc4 Bc5 4. c3 Nf6 5. d4 exd4 6. cxd4 Bb4+ 7. Bd2 Bxd2+ 8. Nbxd2 d5 9. exd5 Nxd5 10. 0-0 0-0 11. Re1 Bf5 12. Ne4 Re8 13. Ng3 Qd7 14. Rxe8+ Rxe8 15. Nxf5 Qxf5 16. Qb3 Nb6 1/2-1/2

[Event "CZE-ch U10"]
[Site "Kouty nad Desnou"]
[Date "2012.03.16"]
[Round "8"]
[White "Koci, Tomas"]
[Black "Jiricek, Vojtech"]
[Result "1/2-1/2"]
[WhiteElo "1250"]
[BlackElo "1250"]
[PlyCount "122"]
[EventDate "2012.03.10"]
[EventType "swiss"]
[EventRounds "9"]
[EventCountry "CZE"]
[SourceTitle "EXT 2013"]
[Source "ChessBase"]
[SourceDate "2012.11.22"]
[SourceVersion "1"]
[SourceVersionDate "2012.11.22"]
[SourceQuality "1"]

1. e4 e5 2. Nf3 Nc6 3. Bc4 Bc5 4. b4 Bxb4 5. c3 Bc5 6. d4 exd4 7. 0-0 dxc3 8. Bxf7+ Kxf7 9. Qd5+ Ke8 10. Qxc5 d6 11. Qxc3 Qf6 12. Bg5 Qxc3 13. Nxc3 h6 14. Be3 Bg4 15. Nd4 Nxd4 16. Bxd4 Nf6 17. f3 Be6 18. Rab1 b6 19. e5 dxe5 20. Bxe5 Rc8 21. Nb5 Bc4 22. Rfe1 Bxb5 23. Rxb5 Kf7 24. Rc1 c5 25. a4 Rc6 26. a5 Re8 27. Bg3 Nd5 28. Rb2 Ree6 29. axb6 axb6 30. Rd1 Ne3 31. Rdb1 Nf5 32. Bb8 Ne7 33. Ba7 Nc8 34. Bb8 g6 35. Rd1 Nd6 36. Ra2 Kf6 37. Ra7 Re7 38. Rxe7 Kxe7 39. Kf2 Nf5 40. Ke2 Ke6 41. Kd3 Kd7 42. Kc4+ Kc8 43. Kb5 Re6 44. Bf4 Nd4+ 45. Kc4 g5 46. Bg3 Nf5 47. Bf2 Ne3+ 48. Bxe3 Rxe3 49. Rd6 Kc7 50. Rxh6 Re2 51. g3 Rf2 52. Kb5 Rxf3 53. Rc6+ Kd7 54. Rxb6 Rb3+ 55. Kxc5 Rxb6 56. Kxb6 Ke6 57. Kc5 Ke5 58. Kc6 g4 59. Kd7 Kd5 60. Ke7 Ke5 61. Kf7 Kf5 1/2-1/2

[Event "CZE-ch U10"]
[Site "Kouty nad Desnou"]
[Date "2012.03.15"]
[Round "7"]
[White "Jiricek, Vojtech"]
[Black "Kudelasek, Dalibor"]
[Result "0-1"]
[WhiteElo "1250"]
[BlackElo "1250"]
[PlyCount "64"]
[EventDate "2012.03.10"]
[EventType "swiss"]
[EventRounds "9"]
[EventCountry "CZE"]
[SourceTitle "EXT 2013"]
[Source "ChessBase"]
[SourceDate "2012.11.22"]
[SourceVersion "1"]
[SourceVersionDate "2012.11.22"]
[SourceQuality "1"]

1. e4 e5 2. Bc4 Nf6 3. d3 Nc6 4. Nc3 Bb4 5. Bd2 d6 6. h3 Be6 7. Bb3 Qd7 8. Nf3 0-0-0 9. Bxe6 Qxe6 10. a3 Bxc3 11. bxc3 d5 12. exd5 Rxd5 13. c4 Rd7 14. Be3 b6 15. 0-0 h6 16. Ne1 g5 17. g4 h5 18. Bxg5 hxg4 19. hxg4 Nxg4 20. Qf3 f6 21. a4 Rg7 22. a5 Rxg5 23. Ng2 Rgh5 24. Nh4 Rxh4 25. axb6 Rh1+ 26. Qxh1 Rxh1+ 27. Kxh1 a5 28. bxc7 e4 29. Rae1 Nge5 30. Kg2 Qg4+ 31. Kh1 Qh3+ 32. Kg1 Nf3# 0-1

[Event "CZE-ch U10"]
[Site "Kouty nad Desnou"]
[Date "2012.03.12"]
[Round "4"]
[White "Jiricek, Vojtech"]
[Black "Hrabal, Matej"]
[Result "1-0"]
[WhiteElo "1250"]
[BlackElo "1000"]
[PlyCount "61"]
[EventDate "2012.03.10"]
[EventType "swiss"]
[EventRounds "9"]
[EventCountry "CZE"]
[SourceTitle "EXT 2013"]
[Source "ChessBase"]
[SourceDate "2012.11.22"]
[SourceVersion "1"]
[SourceVersionDate "2012.11.22"]
[SourceQuality "1"]

1. e4 e5 2. Bc4 Nf6 3. d3 Bc5 4. Bg5 h6 5. Bh4 0-0 6. Nc3 Be7 7. Bxf6 Bxf6 8. Nf3 Nc6 9. 0-0 d6 10. h3 Bg5 11. d4 Qe7 12. Nd5 Qd8 13. c3 Kh8 14. a4 f5 15. Qd3 Na5 16. Ba2 b6 17. dxe5 dxe5 18. Nxe5 Kh7 19. Rad1 Qd6 20. f4 Bxf4 21. Rxf4 Qxe5 22. Rdf1 Rd8 23. exf5 c6 24. f6+ Kh8 25. Bb1 Kg8 26. Qh7+ Kf7 27. Qxg7+ Ke8 28. f7+ Kd7 29. Qxe5 Ba6 30. Qe7+ Kc8 31. Qc7# 1-0

[Event "CZE-ch U10"]
[Site "Kouty nad Desnou"]
[Date "2012.03.11"]
[Round "2"]
[White "Jiricek, Vojtech"]
[Black "Randak, Richard"]
[Result "1-0"]
[WhiteElo "1250"]
[BlackElo "1250"]
[PlyCount "65"]
[EventDate "2012.03.10"]
[EventType "swiss"]
[EventRounds "9"]
[EventCountry "CZE"]
[SourceTitle "EXT 2013"]
[Source "ChessBase"]
[SourceDate "2012.11.22"]
[SourceVersion "1"]
[SourceVersionDate "2012.11.22"]
[SourceQuality "1"]

1. e4 c5 2. Bc4 Nc6 3. Nc3 g6 4. d3 Bg7 5. Nf3 d6 6. h3 Nf6 7. 0-0 0-0 8. Bf4 b6 9. Re1 Bb7 10. Qd2 Nb4 11. a3 Na6 12. Re2 d5 13. exd5 Nxd5 14. Nxd5 Bxd5 15. Bxa6 Bxb2 16. Rae1 Bxa3 17. Bh6 Re8 18. Qc3 f6 19. Qxa3 e5 20. Nd2 Bc6 21. Ne4 f5 22. Bg5 Qd4 23. c3 Qa4 24. Qxa4 Bxa4 25. Nf6+ Kf8 26. Nxe8 Rxe8 27. Rxe5 Rxe5 28. Rxe5 Kf7 29. Re7+ Kg8 30. Bc4+ Kf8 31. Rxa7 Bc2 32. Ra8+ Kg7 33. Rg8# 1-0

[Event "CZE-ch U10"]
[Site "Kouty nad Desnou"]
[Date "2011.03.16"]
[Round "6"]
[White "Zahradnik, Ales"]
[Black "Jiricek, Vojtech"]
[Result "0-1"]
[WhiteElo "1307"]
[BlackElo "1250"]
[PlyCount "100"]
[EventDate "2011.03.12"]
[EventType "swiss"]
[EventRounds "9"]
[EventCountry "CZE"]
[SourceTitle "EXT 2014"]
[Source "ChessBase"]
[SourceDate "2013.11.20"]
[SourceVersion "1"]
[SourceVersionDate "2013.11.20"]
[SourceQuality "1"]

1. e4 e5 2. Nc3 Nc6 3. f4 Bb4 4. Nf3 d6 5. a3 Bxc3 6. bxc3 Nf6 7. d3 0-0 8. Be2 Bg4 9. 0-0 Nh5 10. f5 h6 11. h3 Bxf3 12. Rxf3 Qh4 13. Qf1 Rad8 14. Qf2 Qxf2+ 15. Rxf2 Ng3 16. Rb1 b6 17. Kh2 Nxe2 18. Rxe2 Rfe8 19. Re3 Ne7 20. Rg3 Kh7 21. Be3 d5 22. exd5 Nxf5 23. Rf3 Nxe3 24. Rxe3 Rxd5 25. Rbe1 Rc5 26. d4 Ra5 27. dxe5 Rxa3 28. c4 Rxe3 29. Rxe3 Kg6 30. Rg3+ Kh7 31. Re3 g6 32. Rf3 Kg7 33. Re3 a5 34. Kg3 Re6 35. Kf4 f5 36. exf6+ Kxf6 37. Rxe6+ Kxe6 38. Ke4 a4 39. Kd3 c5 40. Kc3 Ke5 41. Kb2 Kd4 42. Ka3 Kxc4 43. Kxa4 Kc3 44. Kb5 Kxc2 45. Kxb6 c4 46. Kb5 Kd3 47. Kb4 c3 48. Kb3 c2 49. Kb2 Kd2 50. g3 c1R 0-1

[Event "CZE-ch U10"]
[Site "Kouty nad Desnou"]
[Date "2011.03.15"]
[Round "5"]
[White "Jiricek, Vojtech"]
[Black "Kozbert, Tomas"]
[Result "0-1"]
[WhiteElo "1250"]
[BlackElo "1326"]
[PlyCount "50"]
[EventDate "2011.03.12"]
[EventType "swiss"]
[EventRounds "9"]
[EventCountry "CZE"]
[SourceTitle "EXT 2014"]
[Source "ChessBase"]
[SourceDate "2013.11.20"]
[SourceVersion "1"]
[SourceVersionDate "2013.11.20"]
[SourceQuality "1"]

1. e4 c5 2. Bc4 Nc6 3. Nf3 d6 4. h3 Nf6 5. Nc3 e6 6. d4 cxd4 7. Nxd4 h6 8. Ndb5 a6 9. Na3 b5 10. Naxb5 axb5 11. Nxb5 Be7 12. Bf4 e5 13. Bg3 0-0 14. 0-0 Nxe4 15. Bd5 Nxg3 16. fxg3 Bb7 17. Nc3 Rb8 18. Ne4 Nd4 19. c4 Bxd5 20. cxd5 Rxb2 21. a4 Qb6 22. Kh2 Nc2 23. Rb1 Ne3 24. Qc1 Nxf1+ 25. Qxf1 Rxb1 0-1

[Event "CZE-ch U10"]
[Site "Kouty nad Desnou"]
[Date "2011.03.14"]
[Round "3"]
[White "Jiricek, Vojtech"]
[Black "Suchanek, Krystof"]
[Result "0-1"]
[WhiteElo "1250"]
[BlackElo "1256"]
[PlyCount "146"]
[EventDate "2011.03.12"]
[EventType "swiss"]
[EventRounds "9"]
[EventCountry "CZE"]
[SourceTitle "EXT 2014"]
[Source "ChessBase"]
[SourceDate "2013.11.20"]
[SourceVersion "1"]
[SourceVersionDate "2013.11.20"]
[SourceQuality "1"]

1. e4 e5 2. Nf3 Nc6 3. Nc3 Nf6 4. Bb5 d6 5. h3 Bd7 6. d3 a6 7. Ba4 Be7 8. 0-0 0-0 9. Ng5 h6 10. Nf3 Be6 11. Nh4 Nxe4 12. Nxe4 Bxh4 13. f4 b5 14. Bb3 Bxb3 15. cxb3 f6 16. f5 Bg5 17. Qg4 Bxc1 18. Raxc1 Nd4 19. Nc3 c5 20. Qg6 b4 21. Kh2 bxc3 22. bxc3 Ne2 23. Rce1 Nxc3 24. Rf2 Qa5 25. Re3 Nxa2 26. Rg3 Rf7 27. Rg4 Kf8 28. Qh7 Ke7 29. Rxg7 Raf8 30. Rf3 Ke8 31. Rfg3 Qb4 32. Rxf7 Rxf7 33. Rg8+ Ke7 34. Rg7 Qxb3 35. Qh8 Qxd3 36. Rg8 Qb5 37. Rc8 Qd7 38. Rg8 Nb4 39. Rg7 a5 40. Qg8 Rxg7 41. Qxg7+ Kd8 42. Qxf6+ Kc7 43. Qf8 a4 44. f6 a3 45. f7 a2 46. Qe8 Qxe8 47. fxe8Q a1Q 48. Qe7+ Kc6 49. Qe8+ Kd5 50. Qf7+ Kd4 51. Qf2+ Kc4 52. Qe2+ Nd3 53. Qc2+ Qc3 54. Qa4+ Nb4 55. Qd1 d5 56. Qe2+ Nd3 57. Qa2+ Qb3 58. Qa6+ Kc3 59. Qxh6 Kc2 60. Qh5 Kd2 61. Qg5+ Kc2 62. Qg4 e4 63. Qe2+ Kc3 64. h4 Qb2 65. Qe3 Kb3 66. Kh3 Qc3 67. g3 Qd4 68. Qe2 c4 69. h5 c3 70. h6 c2 71. h7 c1Q 72. Qh5 Nf2+ 73. Kh4 Qf6+ 0-1

[Event "CZE-ch U10"]
[Site "Kouty nad Desnou"]
[Date "2011.03.14"]
[Round "4"]
[White "Kudelasek, Dalibor"]
[Black "Jiricek, Vojtech"]
[Result "0-1"]
[WhiteElo "1250"]
[BlackElo "1250"]
[PlyCount "130"]
[EventDate "2011.03.12"]
[EventType "swiss"]
[EventRounds "9"]
[EventCountry "CZE"]
[SourceTitle "EXT 2014"]
[Source "ChessBase"]
[SourceDate "2013.11.20"]
[SourceVersion "1"]
[SourceVersionDate "2013.11.20"]
[SourceQuality "1"]

1. e4 e5 2. Nf3 Nc6 3. Nc3 Nf6 4. Bb5 Bc5 5. Nxe5 Nxe5 6. d4 c6 7. Ba4 Bb4 8. dxe5 Nxe4 9. 0-0 Bxc3 10. bxc3 Nxc3 11. Qg4 g6 12. Qc4 Nd5 13. Bb3 0-0 14. Be3 Re8 15. Bd4 b5 16. Qe2 Nf4 17. Qf3 Ne6 18. Bc3 Ba6 19. Bb2 c5 20. a3 Rb8 21. Ba2 b4 22. Rfd1 bxa3 23. Qxa3 Be2 24. Rd2 Bg4 25. Qg3 Qg5 26. Rxd7 Rxb2 27. h3 Nf4 28. Qh2 Bxd7 29. h4 Rxa2 30. Rxa2 Ne2+ 31. Kf1 Qxe5 32. Qxe5 Rxe5 33. Rxa7 Bb5 34. Ra8+ Kg7 35. Rd8 Nd4+ 36. Kg1 Nxc2 37. Rd2 Nd4 38. Rb2 Bc6 39. Rb6 Rh5 40. g3 Nf3+ 41. Kg2 Nxh4+ 42. Kg1 Nf3+ 43. Kg2 Ne1+ 44. Kf1 Rh1+ 45. Ke2 Bf3+ 46. Kd2 c4 47. Kc3 Be2 48. Rb2 Bd3 49. Ra2 Nf3 50. g4 Ne5 51. g5 Rh3 52. Ra5 Bb1+ 53. Kd4 Nc6+ 54. Kxc4 Nxa5+ 55. Kb5 f5 56. Kxa5 Rb3 57. f4 Kf7 58. Ka4 Bc2 59. Ka5 Ke6 60. Ka6 Kd5 61. Ka5 Kc4 62. Ka6 Kc5 63. Ka7 Kc6 64. Ka8 Kc7 65. Ka7 Ra3# 0-1